Modern English; T1 Exercises for non-native speakers

Uloženo v:
Podrobná bibliografie
Hlavní autor: Marcella Frank
Médium: Kniha
Jazyk:Undetermined
Vydáno: New Jersey Prentice-Hall 1972
Témata:
Tagy: Přidat tag
Žádné tagy, Buďte první, kdo otaguje tento záznam!
Thư viện lưu trữ: Trung tâm Học liệu Trường Đại học Cần Thơ
LEADER 00509nam a2200181Ia 4500
001 CTU_732
008 210402s9999 xx 000 0 und d
082 |a 425.076 
082 |b F828/T1 
100 |a Marcella Frank 
245 0 |a Modern English; T1 
245 0 |b Exercises for non-native speakers 
245 0 |c Marcella Frank 
260 |a New Jersey 
260 |b Prentice-Hall 
260 |c 1972 
650 |a english language - study and teaching 
980 |a Trung tâm Học liệu Trường Đại học Cần Thơ